1466 1595 1516 1077 1240 1616 1100 1617 1290 1089 1080 1704 1219 1040 1455 1310 1542 1866 1550 1106 1829 1601 1904 1878 1260 1315 1862 1325 1849 1270 1144 1225 1485 1745 1034 1825 1575 1793 1643 1672 1638 1243 1006 1580 1936 1159 1431 1767 1476 1951 1362 1374 1200 1415 1837 1746 1075 1974 1559 1937 1404 1574 1480 1751 1852 1466 1476 1151 1006 1520 1655 1316 1255 1811 1843 1307 1844 1081 1222 1280 1534 1288 1586 1687 1005 1434 1473 1390 1039 1542 1949 1129 1731 1116 1043 1026 1142 1587 1754 BCNSPRNW ULIB Ver.6.0+V

เปลี่ยนเป็นภาษาไทย

Change to English
 แสดงรายละเอียดบรรณานุกรม
  กลับหน้าหลัก

Brief Record : Get Marc (ISO 2709) : E-mail record : QR code < ปิดหน้าต่าง
LEADER : 00000nam 2200000uu 4500
001    13399125439
003     ULIB
008    160805s2558 th b 000 0 tha d
020    ^a9786164063518
040    ^absi
060 04 ^aW32.JT3^bว712ว
100 0  ^aวิโรจน์ ไววานิชกิจ
245 10 ^aเวชจริยศาสตร์การแพทย์และสาธารณสุขและกรณีศึกษาสำหรับแพทย์พยาบาลและบุคลากรทางการแพทย์ /^cโดย วิโรจน์ ไววานิชกิจ
250    ^aพิมพ์ครั้งที่ 1
260    ^aกรุงเทพฯ :^bโรงพิมพ์แห่งจุฬาลงกรณ์มหาวิทยาลัย,^c2558
300    ^a105 หน้า ;^c21 ซม.
650  4 ^aจรรยาบรรณแพทย์
650  4 ^aจรรยาบรรณพยาบาล
650  4 ^aบุคลากรทางการแพทย์
945    ^p290^l0^i25010
945    ^p290^l0^i25011
945    ^p290^l0^i25012
945    ^p290^l0^i25013
945    ^p290^l0^i25014
995    ^aกัณชพร
999    ^aกัณชพร
รายการนี้ยังไม่มีแท็ก
คุณยังไม่ได้ล็อกอิน คุณสามารถมีกิจกรรมร่วมกับเว็บไซต์ได้ แต่ต้องล็อกอินก่อน ::
  ล็อกอิน

รายการสื่อสารสนเทศ

ลำดับที่ ประเภท เลขเรียก/บาร์โค้ด สถานที่ สถานะ
1. หนังสือสำรอง
หนังสือสำรอง
สถานะ=หนังสือเก่า
W32.JT3 ว712ว ฉ.1 
  Barcode: 25010
ห้องสมุดวิทยาเขตนครสวรรค์
►ส่วนจัดเก็บหนังสือเก่า นว.
บนชั้น
  ขอยืม
2. วิทยาศาสตร์การแพทย์ และสุขภาพ
วิทยาศาสตร์การแพทย์ และสุขภาพ
สถานะ=หนังสือเก่า
W32.JT3 ว712ว ฉ.2 
  Barcode: 25011
ห้องสมุดวิทยาเขตนครสวรรค์
►ส่วนจัดเก็บหนังสือเก่า นว.
บนชั้น
  ขอยืม
3. วิทยาศาสตร์การแพทย์ และสุขภาพ
วิทยาศาสตร์การแพทย์ และสุขภาพ
สถานะ=หนังสือเก่า
W32.JT3 ว712ว ฉ.3 
  Barcode: 25012
ห้องสมุดวิทยาเขตนครสวรรค์
►ส่วนจัดเก็บหนังสือเก่า นว.
บนชั้น
  ขอยืม
4. วิทยาศาสตร์การแพทย์ และสุขภาพ
วิทยาศาสตร์การแพทย์ และสุขภาพ
สถานะ=หนังสือเก่า
W32.JT3 ว712ว ฉ.4 
  Barcode: 25013
ห้องสมุดวิทยาเขตนครสวรรค์
►ส่วนจัดเก็บหนังสือเก่า นว.
บนชั้น
  ขอยืม
5. วิทยาศาสตร์การแพทย์ และสุขภาพ
วิทยาศาสตร์การแพทย์ และสุขภาพ
สถานะ=หนังสือเก่า
W32.JT3 ว712ว ฉ.5 
  Barcode: 25014
ห้องสมุดวิทยาเขตนครสวรรค์
►ส่วนจัดเก็บหนังสือเก่า นว.
บนชั้น
  ขอยืม

รายการใกล้เคียง
    ผู้แต่ง [วิโรจน์ ไววานิชกิจ]

    หัวเรื่อง [จรรยาบรรณแพทย์]
    หัวเรื่อง [จรรยาบรรณพยาบาล]
    หัวเรื่อง [บุคลากรทางการแพทย์]

BibComment


ยังไม่เคยถูกคอมเมนท์

คอมเมนท์ทรัพยากรรายการนี้
  คอมเมนท์: เวชจริยศาสตร์การ..


 Copyright 2026. Bcnsprnw @Library